| 000 | 00641nam a2200181Ia 4500 | ||
|---|---|---|---|
| 005 | 20260429112234.0 | ||
| 008 | 260429s9999||||xx |||||||||||||| ||und|| | ||
| 020 | _a9788178544052 | ||
| 041 | _aHindi | ||
| 082 |
_a891.2209 _bCHA |
||
| 100 | _aचौहान, उषा | ||
| 245 | 0 |
_aभास, कालिदास और भवभूति के रूपकों के प्रमुख नारी पात्र / _cउषा चौहान |
|
| 250 | _a1st ed. | ||
| 260 |
_aदिल्ली : _bईस्टर्न बुक लिंकर, _c2021. |
||
| 300 | _a351 p.; Hb | ||
| 650 | _aCriticism | ||
| 942 | _cTB | ||
| 999 |
_c53061 _d53061 |
||